A felnőtt leukémiás betegek pszichológiai állapota

Elmentve itt :
Bibliográfiai részletek
Szerző: Gál Júlia
További közreműködők: Nagy Erika (Témavezető)
Dokumentumtípus: Szakdolgozat
Megjelent: 2016
Tárgyszavak:
Online Access:http://diploma.bibl.u-szeged.hu/93705
LEADER 00625nta a2200181 i 4500
001 dipl93705
005 20210623063212.0
008 201010s2016 hu om 0|| zxx d
040 |a SZTE Diploma Repozitórium  |b hun 
041 |a zxx 
100 1 |a Gál Júlia 
245 1 2 |a A felnőtt leukémiás betegek pszichológiai állapota  |h [elektronikus dokumentum] /  |c Júlia Gál 
260 |c 2016 
650 4 |a Orvos- és egészségtudományok 
650 4 |a Medical and health sciences 
650 4 |a Health sciences 
700 1 |a Nagy Erika  |e ths 
856 4 0 |u http://diploma.bibl.u-szeged.hu/id/eprint/93705/1/2016_gal_julia.pdf  |z Dokumentum-elérés